000 00798cab a2200229 4500
001 WB3425-15
008 090401t1998 xxu||||| |||| 00| 0 eng d
035 _a(Sirsi) u87098
041 _aeng
245 _aRental growth to halt
260 _c1998
350 _a0
490 _aProperty Week
_v63(10) 26 June 1998, 23(1)
520 _aAccording to Colliers Erdman Lewis`s "Midsummer Retail Report" retail rental growth will end in 18 months despite this year being one of the strongest ever for retail growth.
650 _aCOLLIERS ERDMAN LEWIS
650 _aFORECASTS
650 _aPROPERTY-COMMERCIAL PROPERTY-RETAIL PROPERTY-RETAIL PROPERTY MARKET
650 _aRETAIL RENTAL GROWTH
690 _aPROPERTY-COMMERCIAL PROPERTY-RETAIL PROPERTY
942 _n0
948 _c30/06/1998
999 _c54888
_d54888